| 000 | 01018cab a2200301 4500 | ||
|---|---|---|---|
| 001 | ABS55392 | ||
| 008 | 090401t1996 xxu||||| |||| 00| 0 eng d | ||
| 035 | _a(Sirsi) u16133 | ||
| 041 | _aeng | ||
| 100 | _aSinderman, M | ||
| 245 | _aCity review: Atlanta | ||
| 260 | _c1996 | ||
| 300 | _aLOAN | ||
| 350 | _a0 | ||
| 490 |
_aNational Real Estate Investor _v38(5) Supplement May 1996, (14) |
||
| 520 | _aOverview of the real estate market in Atlanta, assessing the impact of the Olympic Games on the office, industrial and retail markets. | ||
| 650 | _aATLANTA | ||
| 650 | _aINDUSTRIAL MARKET | ||
| 650 | _aPROPERTY-COMMERCIAL PROPERTY-OFFICE PROPERTY-OFFICE PROPERTY MARKET | ||
| 650 | _aOLYMPIC GAMES 1996 | ||
| 650 | _aOLYMPIC GAMES 2000 | ||
| 650 | _aPROPERTY-COMMERCIAL PROPERTY-RETAIL PROPERTY-RETAIL PROPERTY MARKET | ||
| 650 | _aUNITED STATES | ||
| 690 | _aPROPERTY-COMMERCIAL PROPERTY-COMMERCIAL PROPERTY MARKET | ||
| 690 | _aOVERSEAS-NORTH AMERICA | ||
| 942 | _n0 | ||
| 948 | _c04/03/1997 | ||
| 999 |
_c10607 _d10607 |
||